| 000 | 00752nam a22002297a 4500 | ||
|---|---|---|---|
| 005 | 20251108173624.0 | ||
| 008 | 250721s2007 xx 000 0 ara d | ||
| 020 | _a9957463322 | ||
| 082 | 1 | 4 | _a371.3/ تمي |
| 100 | 1 | _aالتميمي، مهدي حسين | |
| 245 | 1 | 0 | _aمهارات التعليم : دراسة في الفكر و الأداء التدريسي / |
| 264 | 1 |
_aعمان : _bدار كنوز المعرفة، _c2007. |
|
| 300 | _a208ص. | ||
| 650 | 1 | 7 | _aأساليب التدريس |
| 650 | 1 | 7 | _aمهارات التدريس |
| 650 | 1 | 7 | _aطرق التعلم |
| 650 | 1 | 7 | _aالتوجيه التربوي |
| 650 | 1 | 7 | _aالتنمية التربوية |
| 650 | 1 | 7 | _aتقييم الأداء |
| 942 |
_2ddc _cBK |
||
| 999 |
_c108338 _d108338 |
||